Nevyhnutnosť podpory kvalitnej stratégie v slovenských podnikoch zo strany vlastníkov
Uplatňovanie modelu správy a riadenia podniku na Slovensku ako predpoklad transformácie. Úloha a pôsobenie vlastníkov vo svojich podnikoch.
Salvato in:
| Autore principale: | |
|---|---|
| Natura: | Capitolo di libro |
| Lingua: | slovacco |
| Soggetti: | |
| Tags: |
Nessun Tag, puoi essere il primo ad aggiungerne!!
|
MARC
| LEADER | 00000naa a2200000 4500 | ||
|---|---|---|---|
| 001 | r041093 | ||
| 005 | 20230808083428.0 | ||
| 041 | 0 | |a slo | |
| 044 | |a SK | ||
| 245 | 1 | 0 | |a Nevyhnutnosť podpory kvalitnej stratégie v slovenských podnikoch zo strany vlastníkov |c František Okruhlica |
| 520 | |a Uplatňovanie modelu správy a riadenia podniku na Slovensku ako predpoklad transformácie. Úloha a pôsobenie vlastníkov vo svojich podnikoch. | ||
| 610 | 2 | 0 | |a riadenie podnikové |
| 610 | 2 | 0 | |a vlastníctvo |
| 610 | 2 | 0 | |a hospodárstvo trhové |
| 610 | 2 | 0 | |a história |
| 610 | 2 | 0 | |a transformácia |
| 610 | 2 | 0 | |a investori |
| 610 | 2 | 0 | |a Slovensko |
| 610 | 2 | 0 | |a manažment |
| 100 | 1 | |a Okruhlica, František | |